000 00403nam a2200181Ia 4500
001 47539
008 140429s9999 xx 000 0 und d
020 _aNA
040 _cPK-LaUMT
082 _aRHC 320.532095
_bSRO-C
100 _aSroop, Ram
245 _aCommunism aur kisaan (Urdu)
_cSroop, Ram
260 _cNA
300 _a320 p.
546 _aUR
650 _aCommunisim-Asia
942 _cBK
999 _c45459
_d45459